| 000 | 00771nmc a2200277 a 4500 | ||
|---|---|---|---|
| 003 | AR-BaBNM | ||
| 005 | 20251128211132.0 | ||
| 008 | 102120s2002 ||||||||||||||000 | spa|| | ||
| 020 | _a950-12-1094-4 | ||
| 040 | _cAR-BaBNM | ||
| 100 | 1 | _aArnott, Dave | |
| 245 | 1 | 0 |
_aEl culto a la empresa _bel engañoso atractivo de la organización devoradora |
| 250 | _a1ª ed. | ||
| 260 |
_aBuenos Aires _bPaidós _c2002 |
||
| 300 | 0 |
_a272 p. _bdiagr. |
|
| 490 | 0 |
_aEmpresa _vv. 94 |
|
| 500 | 0 | _aIndice analítico en p. 263 | |
| 650 | 4 | _aRELACIONES LABORALES | |
| 650 | 4 | _aADMINISTRACION DE EMPRESAS | |
| 650 | 4 | _aADMINISTRACION DEL PERSONAL | |
| 650 | 4 | _aLIDERAZGO | |
| 650 | 4 | _aSECTAS | |
| 700 | 1 |
_aVillegas, Federico _etraductor |
|
| 942 | _cBK | ||
| 998 | _calicia | ||
| 999 |
_c18389 _d18389 |
||